000 00466nam a22001817a 4500
003 0
005 20240110072042.0
008 240110b xxu||||| |||| 00| 0 eng d
020 _a978-0-06-440055-8
050 _aFIC
_bW58 1980
082 _aFIC
_bW58 1980
100 _aWhite, E.B.
245 _aCharlotte's web
_cE.B. White
260 _aNew York
_bHarperCollins Publisher
_cc1980.
300 _a183 pages ;
_c20cm.
650 _aFiction.
942 _2ddc
_cBK
999 _c365832
_d365832